000 00602nam a2200229#a 4500
001 01963
003 HDC
007 ta
008 230623s2005 xx 000 0 eng d
020 _a1823-3422 (pbk).
040 _aHDC
050 _aTX72
_b.F66 2005
245 4 _aThe foodsters' guide :
_bprobably the best food guide in town.
250 _aMalaysian edition 2005/2006.
264 _aKuala Lumpur :
_bFriedChilies Media Sdn Bhd,
_c2005.
300 _a211p. :
_b ill. ;
_c 18cm.
650 _aInternational cooking.
942 _2lcc
942 _cBK
942 _kTX72
942 _m.F66 2005
999 _c23523
_d23523